Measuring Vital Signs. Alternate methods to measure temperature : Heat sensitive disposable thermometers and temporal artery thermometers / Temperature, Pulse, and Respiration :

This program, the first of two programs on measuring vital signs, demonstrates and describes the techniques used to accurately measure temperature, pulse and respiration in a patient. Measurement of temperature is demonstrated using a variety of thermometers emphasizing the use of electronic and aur...

Full description

Bibliographic Details
Format: Video
Language:English
Language Notes:In English.
Published: Cypress, CA : Medcom, 2011.
Series:Academic Video Online
Subjects:
Online Access:Connect to this streaming video (Alexander Street Press)

MARC

Tag First Indicator Second Indicator Subfields
LEADER 00000cgm a2200000Mi 4500
001 in00005563321
006 m o c
007 cr |n||||||||a
007 vz |za|z|
008 160919s2011 cau001 e o vueng d
005 20241201232246.2
035 |a (OCoLC)ocn959239168 
040 |a ALSTP  |b eng  |e rda  |e pn  |c ALSTP  |d OCLCO  |d OCLCF  |d OCLCQ  |d OCLCO  |d CAUOI  |d COD  |d WYU  |d UPM  |d OCLCO  |d OCLCA  |d OCLCO  |d DXU  |d OCLCO 
019 |a 959236178  |a 1443970328 
035 |a (OCoLC)959239168  |z (OCoLC)959236178  |z (OCoLC)1443970328 
049 |a TXAM 
245 0 0 |a Measuring Vital Signs.  |p Temperature, Pulse, and Respiration :  |b Alternate methods to measure temperature : Heat sensitive disposable thermometers and temporal artery thermometers /  |c [produced by Medcom, Inc.]. 
264 1 |a Cypress, CA :  |b Medcom,  |c 2011. 
300 |a 1 online resource (1 min.) 
306 |a 000059 
336 |a two-dimensional moving image  |b tdi  |2 rdacontent 
337 |a video  |b v  |2 rdamedia 
337 |a computer  |b c  |2 rdamedia 
338 |a other  |b vz  |2 rdacarrier 
338 |a online resource  |b cr  |2 rdacarrier 
344 |a digital  |2 rda 
347 |a data file  |2 rda 
380 |a Videorecording 
490 0 |a Academic Video Online 
500 |a Title from resource description page (viewed September 19, 2016). 
520 |a This program, the first of two programs on measuring vital signs, demonstrates and describes the techniques used to accurately measure temperature, pulse and respiration in a patient. Measurement of temperature is demonstrated using a variety of thermometers emphasizing the use of electronic and aural (tympanic) thermometers. Techniques and sites used for measuring the pulse are shown, and assessment of the rate, depth, rhythm and quality of respiration is demonstrated. 
546 |a In English. 
650 0 |a Body temperature  |x Measurement. 
650 6 |a Température corporelle  |x Mesure. 
650 7 |a Body temperature  |x Measurement  |2 fast 
655 7 |a Film excerpts  |2 fast 
655 7 |a Instructional films  |2 fast 
655 7 |a Film excerpts.  |2 lcgft 
655 7 |a Instructional films.  |2 lcgft 
655 7 |a Films de formation.  |2 rvmgf 
710 2 |a Medcom, inc.,  |e production company. 
856 4 0 |u http://proxy.library.tamu.edu/login?url=https://www.aspresolver.com/aspresolver.asp?MARC;3241455  |z Connect to this streaming video (Alexander Street Press)  |t 0 
955 |a Alexander Street Press subscription streaming video 
994 |a 92  |b TXA 
999 f f |s 43f299a2-113f-4248-9f23-7138ea196120  |i e468ee05-ef45-43b4-8cc9-637739cf0f40  |t 0 
952 f f |a Texas A&M University  |b College Station  |c Electronic Resources  |d Available Online  |t 0  |h Library of Congress classification 
998 f f |t 0  |l Available Online